Investigation of the chemisorption of hydrogen on sulfided cobalt-molybdenum and commercial aluminum-cobalt-molybdenum catalysts by a thermodesorption method; Bulletin of the Academy of Sciences of the USSR, Division of chemical science; Vol. 29, iss. 4
| Parent link: | Bulletin of the Academy of Sciences of the USSR, Division of chemical science: Scientific Journal.— , 1952- Vol. 29, iss. 4.— 1980.— [P. 520-523] |
|---|---|
| Egile nagusia: | |
| Beste egile batzuk: | , |
| Gaia: | Title screen Режим доступа: по договору с организацией-держателем ресурса |
| Hizkuntza: | ingelesa |
| Argitaratua: |
1980
|
| Gaiak: | |
| Sarrera elektronikoa: | http://dx.doi.org/10.1007/BF00961594 |
| Formatua: | Baliabide elektronikoa Liburu kapitulua |
| KOHA link: | https://koha.lib.tpu.ru/cgi-bin/koha/opac-detail.pl?biblionumber=647476 |
MARC
| LEADER | 00000naa0a2200000 4500 | ||
|---|---|---|---|
| 001 | 647476 | ||
| 005 | 20250619144750.0 | ||
| 035 | |a (RuTPU)RU\TPU\network\12616 | ||
| 035 | |a RU\TPU\network\12615 | ||
| 090 | |a 647476 | ||
| 100 | |a 20160412d1980 k||y0rusy50 ba | ||
| 101 | 0 | |a eng | |
| 102 | |a US | ||
| 135 | |a drcn ---uucaa | ||
| 181 | 0 | |a i | |
| 182 | 0 | |a b | |
| 200 | 1 | |a Investigation of the chemisorption of hydrogen on sulfided cobalt-molybdenum and commercial aluminum-cobalt-molybdenum catalysts by a thermodesorption method |f V. I. Erofeev, L. M. Koval', I. V. Kalechits | |
| 203 | |a Text |c electronic | ||
| 300 | |a Title screen | ||
| 320 | |a [References: p. 523 (4 tit.)] | ||
| 333 | |a Режим доступа: по договору с организацией-держателем ресурса | ||
| 461 | 1 | |t Bulletin of the Academy of Sciences of the USSR, Division of chemical science |o Scientific Journal |d 1952- | |
| 463 | 1 | |t Vol. 29, iss. 4 |v [P. 520-523] |d 1980 | |
| 610 | 1 | |a электронный ресурс | |
| 610 | 1 | |a труды учёных ТПУ | |
| 700 | 1 | |a Erofeev |b V. I. |c specialist in the field of oil and gas business |c Professor of Tomsk Polytechnic University, Doctor of technical sciences |f 1946- |g Vladimir Ivanovich |3 (RuTPU)RU\TPU\pers\32197 |9 16197 | |
| 701 | 1 | |a Koval' |b L. M. | |
| 701 | 1 | |a Kalechits |b I. V. | |
| 801 | 2 | |a RU |b 63413507 |c 20160414 |g RCR | |
| 850 | |a 63413507 | ||
| 856 | 4 | |u http://dx.doi.org/10.1007/BF00961594 | |
| 942 | |c CF | ||